Metáforas de la vida cotidiana.
Uloženo v:
| Hlavní autor: | |
|---|---|
| Další autoři: | |
| Médium: | Kniha |
| Jazyk: | španělština |
| Vydáno: |
Madrid, España:
Ediciones Cátedra,
2018.
|
| Vydání: | 2a. ed. |
| Edice: | Colección Teorema Serie Mayor.
|
| Témata: | |
| Tagy: |
Přidat tag
Žádné tagy, Buďte první, kdo vytvoří štítek k tomuto záznamu!
|
MARC
| LEADER | 00000cam a2200000 a 4500 | ||
|---|---|---|---|
| 001 | UCC6922 | ||
| 003 | CL-VaPUC | ||
| 005 | 20240926160030.0 | ||
| 008 | 190118e20180000sp |||||||||||||||||spa|d | ||
| 999 | |c 373747 |d 373745 | ||
| 020 | |a 9788437636672 | ||
| 040 | |c Pontificia Universidad Católica de Valparaíso | ||
| 082 | 0 | 4 | |a 401 LAK 2018 |2 21 |
| 100 | |a Lakoff, George |e autor |9 601453 | ||
| 245 | 1 | 0 | |a Metáforas de la vida cotidiana. |
| 250 | |a 2a. ed. | ||
| 260 | |a Madrid, España: |b Ediciones Cátedra, |c 2018. | ||
| 300 | |a 303 páginas. | ||
| 490 | 0 | |a Colección Teorema Serie Mayor. | |
| 583 | |a last modification |c 20190118 13:18:00 |k Rodrigo Vera | ||
| 650 | 0 | |a Lingüística |9 265068 | |
| 650 | 0 | |a Metáforas |9 372647 | |
| 700 | |a Johnson, Mark |e autor |9 601454 | ||
| 942 | |c BK |2 ddc | ||
| 945 | |d 20190118 13:18:00 |a dcastane | ||
| 952 | |0 0 |1 0 |2 ddc |3 erb |4 0 |6 401_000000000000000_LAK_2018 |7 0 |8 A |9 491974 |a BIBMAT |b BIBMAT |c E_DIDACT |i 5529964 |o 401 LAK 2018 |p 5529964 |r 2025-01-07 |w 2019-11-24 |y BK |z Catalogado en:20190118 |k MAT | ||